00309nam a2200109Ia 4500008004100000020001800041040002900059050002300088100001700111245004100128260003000169230104s9999||||xx |||||||||||||| ||und|| a0-07-287132-6 cChuka University Library aPE 1408 bL36 2005 aLangan, John 0aCollege writing skills with readings aMcGraw HillbBostonc2005